| 000 | 00380nam a22001577a 4500 | ||
|---|---|---|---|
| 003 | CEME | ||
| 005 | 20210628203557.0 | ||
| 008 | 210317b xxu||||| |||| 00| 0 eng d | ||
| 040 | _c. | ||
| 082 | _a355.02 BLA'S | ||
| 100 |
_aBlanish, Lazli _966350 |
||
| 245 | _aThe sabres of paradise | ||
| 260 |
_aRAWALPINDI _bARMY EDUCATION PRESS _c1990 |
||
| 300 | _a543P | ||
| 942 |
_cBK _2ddc |
||
| 999 |
_c574328 _d574328 |
||